| 000 | 00704nam a2200229 i 4500 | ||
|---|---|---|---|
| 001 | 142864 | ||
| 003 | ES-MaACL | ||
| 005 | 20230906200638.0 | ||
| 007 | t| | ||
| 008 | 071010s1930 sp ||||1| spa d | ||
| 080 | _a616-053.2 | ||
| 100 | 1 |
_aVidal Jordana, Gregorio. _9114495 |
|
| 245 | 1 | 0 |
_aTranstornos nutritivos del lactante / _cG. Vidal Jordana. |
| 260 |
_aBarcelona : _bManuel Marín, _c1930 ( _fClarasó) |
||
| 300 |
_a288 p. ; _c22 cm. |
||
| 490 | 1 |
_aColección Marañon ; _v7 |
|
| 650 | 1 | 4 |
_aNutrición- _xTrastornos en niños. _915652 |
| 650 | 1 | 4 |
_aLactantes- _xEnfermedades. _914045 |
| 830 | 0 |
_aColección Marañon ; _v7 _9181687 |
|
| 852 |
_aES-MaACL _jB-11424 |
||
| 999 |
_c142864 _d142864 |
||